Ireland A-Z - Statistics

General Stats
  • This quiz has been taken 85 times
  • The average score is 14 of 26
Answer Stats
Hint Answer % Correct
Irish Terrorist Organisation I IRA
92%
Patron Saint Of Ireland P Patrick
92%
Type Of Poem Named After An Irish City L Limerick
89%
World Famous Dublin Rock Band U U2
86%
Major Food Shortage In The 1840s F The Famine
85%
County Where The Blarney Castle Is C Cork
82%
Irish Author Who Wrote Ulysses J James Joyce
80%
Famous Sunken Ship T Titanic
80%
Irish Spirit That Cries A Lot When Someone Is About To Die B Banshee
73%
Scene Of Bloody Sunday D Derry
72%
Irish Sport Played By Hitting A Ball With A Stick H Hurling
69%
Prefix Used A Lot In Irish Town Names K Kil
69%
County Where The Capital Of Northern Ireland Is A Antrim
65%
City In The Sunny South East W Waterford
62%
Song By The Cranberries About The Troubles Z Zombie
61%
County Where Clonmacnoise Is Found O Offaly
41%
Famous Singer from Belfast V Van Morrison
37%
Famous Burial Site In Meath N Newgrange
35%
Famous Irish Leader Who Signed The Anglo Irish Treaty M Michael Collins
34%
Former Name Of Cobh, Port Associated with the answer to T Q Queenstown
31%
American Born Irish President E Eamon De Valera
27%
Nobel Prize Winning Poet S Seamus Heaney
24%
X In The Name FX Buckley (Famous Dublin Butcher) X Xavier
18%
Pirate Queen Who Met Queen Elizabeth I G Granuaile
15%
Patriot Associated With 1798 Rebellion R Robert Emmet
10%
Nationalist Movement In The 1840's Y Young Ireland
6%
No matching quizzes found
Score Distribution
Percent of People with Each Score
Percentile by Number Answered
Your Score History
You have not taken this quiz